000 01345pab a2200169 454500
008 180718b2017 xxu||||| |||| 00| 0 eng d
100 _aZang, Xiaowei
245 _aExploring frontline work in China
260 _c2017
300 _ap.842-855.
520 _aThis study of the state frontline workforce breaks new ground by conducting an institutional analysis of rule abidance in the People's Republic of China (PRC). We draw upon a survey (n = 1,721) of Chengguan officers, the main players in regulatory enforcement of civil law in urban China, to explore the influence of autocratic one-party rule on the meaning of and variation in rule abidance in China. The majority of Chengguan officers are rule followers, and demographic differences show little deviation from this norm. However, institutional factors associated with one-party rule, particularly upward accountability, the privilege of administrative rank, and unequal access to power and resources, are significant in shaping differences in rule following among Chengguan officers. We conclude with a discussion of the similarities in institutional pressures on urban regulatory policing in China and the United States. - Reproduced.
650 _aCivil law - China
650 _aCivil law
700 _aMusheno, Michael
773 _aPublic Administration
909 _a116299
999 _c116293
_d116293